Регионална библиотека "Любен Каравелов" - Русе

Горчив коктейл | Митническа сага (Запис номер 425127)

MARC детайли
000 -Лидер
Контролно поле с фиксирана дължина 01066nam a2200301 c 4500
003 - Код на организацията, давaща контролен номер
Контролно поле BLK
005 - Дата и час на последна редакция
Контролно поле 20211008095232.0
008 - Елементи от данни с фиксирана дължина
fixed length control field 180408b bul|||||r ||||||| ||bul||
010 ## - Наследен системен номер
LC control number KNG00085263000
020 ## - Международен стандартен номер на книга ISBN
Международен стандартен номер на книга ISBN 9789540915302
040 ## - Източник на каталожния запис
Идентификатор на билиотеката - собственик на записа BLK
041 ## - Код за език
Код за езика на текст/звукозапис или на отделно заглавие Български
Код за езика КДБФ Български
080 ## - УДК
Текстов определител УДК Българска литература
УДК код - определител по УДК 821.163.2
УДК определител -32
УДК - код + определител 821.163.2-32
080 ## - УДК
Текстов определител УДК Българска литература
УДК код - определител по УДК 821.163.2
УДК - код + определител 821.163.2-31
УДК определител -31
100 1# - Редна дума - Автор
Автор Георгиев, Стоян
Авторска отговорност първи автор
R(LIN) 363688
139 ## - Редно поле
Редна дума Георгиев, Стоян
Авторски знак Георгиев - Г 37
245 10 - Сведения за заглавието
Заглавие Горчив коктейл
Подзаглавни данни разкази
245 10 - Сведения за заглавието
Заглавие Митническа сага
Подзаглавни данни Роман
Редно поле (дума) Стоян Георгиев
257 ## - Страна на издаване
Страна на създаване/издаване България
260 ## - Област на издателските данни
Име на издателя, разпространителя и проч. Захарий Стоянов
Година на издаване 2021
9 (RLIN) 209473
Място на издаване, разпространение и проч. София
Издателство - префикс ISBN 978-954-739- ; 978-954-09- ; 954-9559-
300 ## - Физическа характеристика
Страници 446 с.
Илюстрации и др. с портр.
Размери/Мащаб 20 см
380 ## - Жанр
Жанр Худож. лит.
500 ## - Общи забележки
Забележка Пълното име на авт. е Стоян Георгиев Стоянов. - 1. изд. 2002 на изд. Аргус
852 ## - Местоположение
Форматна сигнатура Цб 308278
Фондова буква Хранилище
852 ## - Местоположение
Фондова буква Заемна - подръчен фонд
Систематично-азбучна сигнатура 821.163.2-32/Г37С
999 ## - СИСТЕМНИ КОНТРОЛНИ НОМЕРА
Koha biblionumber 425127
Koha biblioitemnumber 425127
942 ## - АРТИКУЛИ
Вид на библиотечния материал Книги
Скрит в OPAC Не
Периодичен библиозапис Да
Koha issues (borrowed), all copies 1
944 ## - СЪЗДАВАНЕ И РЕДАКЦИЯ на ЗАПИСА
Създаване/Редакция Създаване
Дата на регистрацията/редакция 2021-07-23
Служител, извършил регистрацията/редакцията В. Т.
999 ## - СИСТЕМНИ КОНТРОЛНИ НОМЕРА
Koha biblioitemnumber 425127
999 ## - СИСТЕМНИ КОНТРОЛНИ НОМЕРА
Koha biblioitemnumber 425127
Наличности
Код за отписване Код за изгубен артикул Източник на класификационната схема Код за повреда Коз за рестрикции Код за отдаване Артикулен № Име на библиотеката - собственик Име на библиотеката, в която се намира в момента Статус (Текущо местоположение) Дата на вписване в системата Местоположение - отдел Цена в лева Систематично азбучна сигнатура Баркод Цена в евро Служебен тип на артикула
  Не е изгубен Universal Decimal Classification Не е повреден само за читалня ползва се в читалня 845065 Регионална библиотека "Любен Каравелов" Русе Регионална библиотека "Любен Каравелов" Русе Хранилище 2021-07-28 Хранилище 20.00 Цб 308278 120000858167 10.23 Книги
Изтеглен Не е изгубен Universal Decimal Classification Не е повреден без рестрикции заемане за дома 855209 Регионална библиотека "Любен Каравелов" Русе Регионална библиотека "Любен Каравелов" Русе Заемна - подръчен фонд 2021-09-24 Заемна - подръчен фонд 20.00 821.163.2-32/Г 37 С 120000859920 10.23 Книги
Vip Innovations Ltd, Rousse, Bulgaria 2025